000 00658nam a2200169 i 4500
001 25142
003 ES-MaACL
005 20230906153212.0
007 t|
008 021220s1885 sp ||||1| spa d
245 0 0 _aApoteosis del Balneario de Gaviria (Guipúzcoa) por la prensa médico-farmacéutica, noticiera y política en 15 de junio de 1884, o sea, inauguración de las completas reformas realizadas por su propietario Pablo Fernández Izquierdo.
260 _aMadrid :
_b[s.n.,
_c1885]
300 _a80 p. :
_bil. ;
_c31 cm.
610 2 7 _aBalneario de Gaviria.
_92085
700 1 _aFernández Izquierdo, Pablo.
_949852
852 _aES-MaACL
_jT-445-F-5
999 _c25142
_d25142